000 00740nas a2200253 4500
001 BR9202424
003 BR-BrBNA
005 20231205092507.0
007 ta
008 230509b bl.|||p| |||| 00| 00por d
040 _aBR-BrBNA
_bpor
_cBiblioteca Nacional de Agricultura
041 _a(Pt)
072 _aL51
100 1 _aMendes, M. de O.
245 1 _aCobalto, cobre e molibdenio na nutricao de ruminantes
650 _aRUMINANTE
650 _aCOBALTO
650 _aCOBRE
650 _aMOLIBDENIO
650 _aNUTRICAO ANIMAL
773 0 _tRevista Brasileira de Medicina Veterinaria (Brazil)
_xISSN 0100-2430
_g(Jan-Mar 1981), v. 4(1) p. 20-25
_wBR9202424
909 _a202311
_bLúcia
_c55
_dLúcia Elande
942 _2AGRIS
_n0
_cANA
999 _c132127
_d132127